| 000 | 00459cam a2200169ua 4500 | ||
|---|---|---|---|
| 020 |
_a0 87692 235 3 _c39.00 |
||
| 041 |
_aeng _h |
||
| 082 |
_a669 _bRAG/PH |
||
| 100 | _aRaghavan, V . | ||
| 245 |
_aPhysical metallurgy:Principles and practice / _cV Raghavan. _hTextual Documents |
||
| 260 |
_aNew Delhi : _bPrentice Hall of India Pvt Ltd. , _c1985. |
||
| 300 | _a258 ; . | ||
| 365 | _a39.00 | ||
| 504 | _a | ||
| 942 | _cBK | ||
| 999 |
_c11115 _d11115 |
||